<?xml version="1.0" encoding="UTF-8"?>
<record
    xmlns:xsi="http://www.w3.org/2001/XMLSchema-instance"
    xsi:schemaLocation="http://www.loc.gov/MARC21/slim http://www.loc.gov/standards/marcxml/schema/MARC21slim.xsd"
    xmlns="http://www.loc.gov/MARC21/slim">

  <leader>00866cam a2200205 a 4500</leader>
  <datafield tag="020" ind1=" " ind2=" ">
    <subfield code="a">3487073986</subfield>
  </datafield>
  <datafield tag="040" ind1=" " ind2=" ">
    <subfield code="c">709 GOL 1983 C148 Or.</subfield>
  </datafield>
  <datafield tag="082" ind1="0" ind2=" ">
    <subfield code="a">709 GOL 1983 C148 Or.</subfield>
  </datafield>
  <datafield tag="100" ind1="1" ind2=" ">
    <subfield code="a">Tavernier, Ludwig.</subfield>
  </datafield>
  <datafield tag="245" ind1="1" ind2="4">
    <subfield code="a">Das Problem der Naturnachahmung in den kunstkritischen Schriften Charles Nicolas Cochins d. J. :</subfield>
    <subfield code="b">ein Beitrag zur Geschichte der franz&#xF6;sischen Kunsttheorie und Kunstkritik des 18. Jahrhunderts /</subfield>
  </datafield>
  <datafield tag="246" ind1="3" ind2="0">
    <subfield code="a">Beitrag zur Geschichte der franz&#xF6;sischen Kunsttheorie und Kunstkritik des 18. Jahrhunderts.</subfield>
  </datafield>
  <datafield tag="260" ind1=" " ind2=" ">
    <subfield code="a">Hildesheim ;</subfield>
    <subfield code="a">New York :</subfield>
    <subfield code="b">G. Olms,</subfield>
    <subfield code="c">1983.</subfield>
  </datafield>
  <datafield tag="300" ind1=" " ind2=" ">
    <subfield code="a">139 p. ;</subfield>
    <subfield code="c">21 cm.</subfield>
  </datafield>
  <datafield tag="490" ind1="1" ind2=" ">
    <subfield code="a">Studien zur Kunstgeschichte ;</subfield>
  </datafield>
  <datafield tag="500" ind1=" " ind2=" ">
    <subfield code="a">Slight revision of the author's thesis (doctoral)--Universit&#xE4;t M&#xFC;nchen, 1982.</subfield>
  </datafield>
  <datafield tag="650" ind1=" " ind2="0">
    <subfield code="a">Realism in art.</subfield>
  </datafield>
  <datafield tag="650" ind1=" " ind2="0">
    <subfield code="a">Aesthetics, French</subfield>
  </datafield>
  <datafield tag="650" ind1=" " ind2="0">
    <subfield code="a">Art criticism</subfield>
  </datafield>
  <datafield tag="942" ind1=" " ind2=" ">
    <subfield code="c">AEDBB</subfield>
  </datafield>
  <datafield tag="999" ind1=" " ind2=" ">
    <subfield code="c">18572</subfield>
    <subfield code="d">18572</subfield>
  </datafield>
  <datafield tag="952" ind1=" " ind2=" ">
    <subfield code="0">0</subfield>
    <subfield code="1">0</subfield>
    <subfield code="4">0</subfield>
    <subfield code="6">709_000000000000000_GOL_1983_C148_OR</subfield>
    <subfield code="7">0</subfield>
    <subfield code="9">82865</subfield>
    <subfield code="a">LBC</subfield>
    <subfield code="b">LBC</subfield>
    <subfield code="c">C147</subfield>
    <subfield code="d">2019-12-24</subfield>
    <subfield code="e">A36598</subfield>
    <subfield code="o">709 GOL 1983 C148 Or.</subfield>
    <subfield code="r">2019-12-24</subfield>
    <subfield code="w">2019-12-24</subfield>
    <subfield code="y">EK</subfield>
  </datafield>
</record>
